000 00746nam a22002057a 4500
003 OSt
005 20260504160635.0
008 260504b |||||||| |||| 00| 0 eng d
020 _a9780071745925 Hb. Bp.
040 _aMMSU
_cULS
050 _aQD 61 B35 2011 REF CASAT
100 _aBallinger, Jack T.
245 _aChemical technicians' ready reference handbook /
_cJack T. Ballinger, Gershon J. Shugar ; consulting editors, Barry A. Balliger, Clinton T. Ballinger.
250 _aFifth ed.
260 _aNew York :
_b McGraw-Hill,
_c2011.
300 _axxx, 668 pages :
_billustrations ;
_c25 cm.
504 _aIncludes bibliographical references and index.
650 _aChemistry--Manipulation--Handbooks, manuals, etc.
942 _2lcc
_cBK
999 _c29058
_d29058